Les 20 meilleurs buteurs au football depuis 2000 - Statistiques

Statistiques générales
  • Ce quiz a été pris 323 fois
  • Le résultat moyen est 14 sur 20
Statistiques - réponses
# Nation Carrière Buts Nom du joueur % Correct
1 Portugal Actif 945 Cristiano Ronaldo
100%
2 Argentine Actif 882 Lionel Messi
100%
9 Brésil Actif 450 Neymar Jr
96%
3 Pologne Actif 694 Robert Lewandowski
96%
4 Uruguay Actif 575 Luis Suarez
95%
5 Suède Retraite 564 Zlatan Ibrahimovic
94%
7 Angleterre Actif 479 Harry Kane
92%
20 France Actif 389 Kylian Mbappé
92%
8 Uruguay Actif 458 Edinson Cavani
91%
6 France Actif 498 Karim Benzema
91%
16 Belgique Actif 412 Romelu Lukaku
81%
17 Cameroun Retraite 409 Samuel Eto'o
77%
18 Gabon Actif 406 Pierre-Emerick Aubameyang
76%
11 Bosnie-Herzégovine Actif 437 Edin Džeko
72%
14 Espagne Retraite 426 David Villa
60%
12 Argentine Retraite 434 Sergio Agüero
57%
10 Brésil Actif 441 Hulk
22%
13 Pays-Bas Retraite 427 Klaas-Jan Huntelaar
18%
15 Israël Actif 414 Eran Zahavi
12%
19 Allemagne Actif 390 Sören Gonnermann
0%
Aucun quiz correspondant
Distribution des résultats
% des personnes avec chaque résultat
Percentile par nombre de réponses
Votre historique - résultats
Vous n’avez pas pris ce quiz